ਮਹਾਨ ਗੁਰੂ ਦਾ ਮਹਾਨ ਬੰਦਾ ਬਾਬਾ ਬੰਦਾ ਸਿੰਘ ਬਹਾਦਰ / (Record no. 48816)

MARC details
000 -LEADER
fixed length control field 02552nam a22003377a 4500
005 - DATE AND TIME OF LATEST TRANSACTION
control field 20090825120337.0
008 - FIXED-LENGTH DATA ELEMENTS--GENERAL INFORMATION
fixed length control field 090728t xxu||||| |||| 00| 0 pun d
010 ## - LCCN (DPL NO)
LC control number PUN-6499 B-425775-779
020 ## - INTERNATIONAL STANDARD BOOK NUMBER
Terms of availability 150.00
International Standard Book Number 9789350170854
035 ## - SYSTEM CONTROL NUMBER
System control number PN-5617 B-425775-779
037 ## - SOURCE OF ACQUISITION
Source of stock number/acquisition DBAD / PUB
037 ## - SOURCE OF ACQUISITION
Source of stock number/acquisition k.k.publications (vendor)
040 ## - CATALOGING SOURCE
Original cataloging agency dpl
Language of cataloging pn
082 ## - DEWEY DECIMAL CLASSIFICATION NUMBER
Classification number 921
100 ## - MAIN ENTRY--PERSONAL NAME
9 (RLIN) 24414
Personal name ਸਿੱਧੂ, ਕੁਲਬੀਰ ਸਿੰਘ
245 ## - TITLE STATEMENT
Title ਮਹਾਨ ਗੁਰੂ ਦਾ ਮਹਾਨ ਬੰਦਾ ਬਾਬਾ ਬੰਦਾ ਸਿੰਘ ਬਹਾਦਰ /
Statement of responsibility, etc ਕੁਲਬੀਰ ਸਿੰਘ ਸਿੱਧੂ
246 ## - VARYING FORM OF TITLE
Title proper/short title Mahan guru da mahan banda Baba Banda Singh Bahadur
Remainder of title by Kulbir Singh Sidhu
260 ## - PUBLICATION, DISTRIBUTION, ETC. (IMPRINT)
Place of publication, distribution, etc ਚੰਡੀਗਡ਼
Name of publisher, distributor, etc ਲੋਕਗੀਤ ਪ੍ਰਕਾਸ਼ਨ
Date of publication, distribution, etc 2010
270 ## - ADDRESS
Address s.c.o-26-27, Sector-34-A,
City ਚੰਡੀਗਡ਼
Postal code 160022
Telephone number 01624-682954, 09781534406
300 4# - PHYSICAL DESCRIPTION
Extent 116 ਸਫੇ
Dimensions 22 ਸੇਮੀ (ਸਜਿਲੱਦ)
650 ## - SUBJECT ADDED ENTRY--TOPICAL TERM
9 (RLIN) 24412
Topical term or geographic name as entry element ਜੀਵਨ
650 ## - SUBJECT ADDED ENTRY--TOPICAL TERM
Topical term or geographic name as entry element Auto biography
9 (RLIN) 24431
942 ## - ADDED ENTRY ELEMENTS (KOHA)
Source of classification or shelving scheme Dewey Decimal Classification
Item type Punjabi Bks
Classification part 921
Call number suffix ਬੰਦਾਸਿੰ
Holdings
Withdrawn status Lost status Source of classification or shelving scheme Damaged status Not for loan Collection code Home library Current library Date acquired Source of acquisition Cost, normal purchase price Total Checkouts Full call number Barcode Date last seen Copy number Cost, replacement price Koha item type
    Dewey Decimal Classification     Non-fiction Central Library Central Library 18/04/2011 k.k.publications /121/11.3.11/77/4.3.11/28.3.11 150.00   921 ਬੰਦਾਸਿੰ B-425770 18/04/2011 1 150.00 Punjabi Bks
    Dewey Decimal Classification     Non-fiction D.B.Act.Division D.B.Act.Division 26/11/2010 DBAD/PUB 150.00   921 ਬੰਦਾਸਿੰ PN-5617 26/11/2010 1 150.00 Punjabi Bks
    Dewey Decimal Classification     Non-fiction Karol Bagh Karol Bagh 18/04/2011 k.k.publications /121/11.3.11/77/4.3.11/28.3.11 150.00   921 ਬੰਦਾਸਿੰ B-425773 18/04/2011 1 150.00 Punjabi Bks
    Dewey Decimal Classification     Non-fiction Patel Nagar Patel Nagar 18/04/2011 k.k.publications /121/11.3.11/77/4.3.11/28.3.11 150.00   921 ਬੰਦਾਸਿੰ B-425771 18/04/2011 1 150.00 Punjabi Bks
    Dewey Decimal Classification     Non-fiction Sarojini Nagar Sarojini Nagar 18/04/2011 k.k.publications /121/11.3.11/77/4.3.11/28.3.11 150.00   921 ਬੰਦਾਸਿੰ B-425772 18/04/2011 1 150.00 Punjabi Bks
    Dewey Decimal Classification     Non-fiction Shahdara Branch Shahdara Branch 18/04/2011 k.k.publications /121/11.3.11/77/4.3.11/28.3.11 150.00   921 ਬੰਦਾਸਿੰ B-425774 18/04/2011 1 150.00 Punjabi Bks

© Delhi Public Library
Hit Counter
free hit counter